Characterization of Composite Materials (Record no. 301264)
[ view plain ]
| 000 -LEADER | |
|---|---|
| fixed length control field | 00321 a2200133 4500 |
| 001 - CONTROL NUMBER | |
| control field | 66191 |
| 082 ## - DEWEY DECIMAL CLASSIFICATION NUMBER | |
| Classification number | 620.118 ISH |
| 090 ## - LOCALLY ASSIGNED LC-TYPE CALL NUMBER (OCLC); LOCAL CALL NUMBER (RLIN) | |
| -- | 38480 |
| -- | 38480 |
| 100 ## - MAIN ENTRY--PERSONAL NAME | |
| Personal name | Ishida, Hatsuo |
| 245 ## - TITLE STATEMENT | |
| Title | Characterization of Composite Materials |
| 250 ## - EDITION STATEMENT | |
| Edition statement | 1 |
| 260 ## - PUBLICATION, DISTRIBUTION, ETC. | |
| Place of publication, distribution, etc. | USA |
| Name of publisher, distributor, etc. | Butterworth - Heinemam |
| Date of publication, distribution, etc. | 1994 |
| 300 ## - PHYSICAL DESCRIPTION | |
| Extent | xiv, 277p. |
| 942 ## - ADDED ENTRY ELEMENTS (KOHA) | |
| Institution code [OBSOLETE] | NUST CAE |
| Call number prefix | 620.118 ISH |
| Withdrawn status | Lost status | Damaged status | Not for loan | Collection code | Permanent Location | Current Location | Date acquired | Total Checkouts | Full call number | Barcode | Date last seen | Price effective from | Koha item type |
|---|---|---|---|---|---|---|---|---|---|---|---|---|---|
| College of Aeronautical Engineering (CAE) | College of Aeronautical Engineering (CAE) | 04/03/2017 | 620.118 ISH | CAEN-790 | 04/05/2017 | 04/05/2017 | Book |
